A taste of heritage african-american (Record no. 7016)
[ view plain ]
| 000 -LEADER | |
|---|---|
| fixed length control field | 00358nam a2200157Ia 4500 |
| 003 - CONTROL NUMBER IDENTIFIER | |
| control field | OSt |
| 005 - DATE AND TIME OF LATEST TRANSACTION | |
| control field | 20231123073243.0 |
| 008 - FIXED-LENGTH DATA ELEMENTS--GENERAL INFORMATION | |
| fixed length control field | 170524s9999 xx 000 0 und d |
| 020 ## - INTERNATIONAL STANDARD BOOK NUMBER | |
| International Standard Book Number | 0-7645-6710-1 |
| 040 ## - CATALOGING SOURCE | |
| Transcribing agency | IIMT |
| 100 ## - MAIN ENTRY--PERSONAL NAME | |
| Personal name | Randall |
| 245 #2 - TITLE STATEMENT | |
| Title | A taste of heritage african-american |
| 260 ## - PUBLICATION, DISTRIBUTION, ETC. | |
| Name of publisher, distributor, etc. | John Wiley & Sons |
| 260 ## - PUBLICATION, DISTRIBUTION, ETC. | |
| Date of publication, distribution, etc. | 2002 |
| 942 ## - ADDED ENTRY ELEMENTS (KOHA) | |
| Source of classification or shelving scheme | |
| Koha item type | Book Bank |
| Withdrawn status | Lost status | Source of classification or shelving scheme | Damaged status | Not for loan | Home library | Current library | Date acquired | Full call number | Barcode | Date last seen | Price effective from | Koha item type |
|---|---|---|---|---|---|---|---|---|---|---|---|---|
| IIMT University Central Library Meerut | IIMT University Central Library Meerut | 05/29/2017 | R | 01-B-76403 | 05/29/2017 | 05/29/2017 | Reference Book | |||||
| IIMT University Central Library Meerut | IIMT University Central Library Meerut | 05/29/2017 | 01-B-76404 | 05/29/2017 | 05/29/2017 | Book Bank | ||||||
| IIMT University Central Library Meerut | IIMT University Central Library Meerut | 05/29/2017 | 01-B-76405 | 05/29/2017 | 05/29/2017 | Book Bank |

